000 00604nam a2200205Ia 4500
003 LK-CoDNM
008 010623t1953 xxu||||| |||| 00| 1 Pali d
040 _aLK-CoDNM
_dLK-CoDNM
_eLK-CoDNM
041 _aPali
_asin
080 _aJ 42
100 _aGunawardana ,Amarasiri
_eed.
245 _aඑළු අත්තනගළු චංශය
246 _aElu Aththanagalu Vanshaya
260 _bK.A Ariyadasa
_aMaradana
_c1953
300 _b192P., 18 cm
650 _aElu Aththanagalu Vansha Pela
650 _aElu Aththnagalu Vansha Peheliya
700 _aMaithreya Thero, Veedagama
942 _cBK
999 _c103003
_d103003